| 000 | 01650cam a2200445Mi 4500 | ||
|---|---|---|---|
| 003 | PE-LiUPU | ||
| 005 | 20250731183345.0 | ||
| 008 | 070320s2006 sp r 000 0 spa d | ||
| 020 | _a8434228831 | ||
| 020 | _a9788434228832 | ||
| 035 | _a(Sirsi) i9788434228832 | ||
| 040 |
_aPL# _bspa _cPL# _dUNAMX _dBNM _dESALI _dBDX _dPE-LiUPU _erda |
||
| 050 | 4 |
_aNC730 _bM375 |
|
| 082 | 0 | 4 |
_a720.284 _bG27 _220 |
| 100 |
_aMartín, Gabriel _eautor _9294 _d1970- |
||
| 245 | 1 | 0 |
_aDibujo de apuntes / _c[textos, Gabriel Martín Roig ; realización de los dibujos y ejercicios, Mercedes Gaspar, Gabriel Martín Roig, Óscar Sanchís] |
| 250 | _aSegunda edición. | ||
| 264 |
_aBarcelona, España : _bParramón, _c2006. |
||
| 300 |
_a159 páginas : _bilustraciones ; _c30 centímetros. |
||
| 336 |
_atext _2rdacontent |
||
| 337 |
_aunmediated _2rdamedia |
||
| 338 |
_avolume _2rdacarrier |
||
| 490 | 0 | _aAula de dibujo. | |
| 505 | 0 | _aCroquis y concepción simplificada del modelo -- Un juego de líneas y formas -- Materiales. reursos -- Paso a paso. | |
| 526 | _aP158 | ||
| 526 | _aP146 | ||
| 526 | _aP17 | ||
| 526 | _aP12 | ||
| 526 | _aP06 | ||
| 650 | 4 |
_aDibujo a lápiz. _94613 |
|
| 650 | 7 |
_aDibujo. _2embne |
|
| 653 |
_aDibujo _aTécnica. |
||
| 700 | 1 |
_aMartín Roig, Gabriel, _eautor. |
|
| 700 | 1 |
_aSanchis, Óscar, _eautor. |
|
| 910 | _ajck | ||
| 942 |
_2ddc _cBOOK |
||
| 949 |
_a720.284 G27 _wDEWEY _c1 _i73763 _lCCODEBUL1 _mBUL _p33.17 _r0 _sY _tBOOK _u2016-6-21 _xINGENIERIA _0COMPRA _o.STAFF. Colección General |
||
| 980 |
_81 _gALBERTO SANCHEZ Responsable de Automatización |
||
| 999 |
_c10086 _d10086 |
||